State management : (Record no. 2536)

000 -LEADER
fixed length control field 02187cam a22003014a 4500
001 - CONTROL NUMBER
control field 15466382
003 - CONTROL NUMBER IDENTIFIER
control field OSt
005 - DATE AND TIME OF LATEST TRANSACTION
control field 20180117085943.0
008 - FIXED-LENGTH DATA ELEMENTS--GENERAL INFORMATION
fixed length control field 080926s2009 enk 000 0 eng
010 ## - LIBRARY OF CONGRESS CONTROL NUMBER
LC control number 2008042324
020 ## - INTERNATIONAL STANDARD BOOK NUMBER
International Standard Book Number 9780415492348 (hbk)
020 ## - INTERNATIONAL STANDARD BOOK NUMBER
International Standard Book Number 9780415492355 (pbk)
020 ## - INTERNATIONAL STANDARD BOOK NUMBER
International Standard Book Number 9780203879887 (ebook)
040 ## - CATALOGING SOURCE
Original cataloging agency DLC
Transcribing agency DLC
Modifying agency DLC
050 00 - LIBRARY OF CONGRESS CALL NUMBER
Classification number JF1351
Item number .L374 2009
082 00 - DEWEY DECIMAL CLASSIFICATION NUMBER
Classification number 351
Edition number 22
100 1# - MAIN ENTRY--PERSONAL NAME
Personal name Lane, Jan-Erik.
245 10 - TITLE STATEMENT
Title State management :
Remainder of title an enquiry into models of public administration /
Statement of responsibility, etc. Jan-Erik Lane.
260 ## - PUBLICATION, DISTRIBUTION, ETC.
Place of publication, distribution, etc. London ;
-- New York, NY :
Name of publisher, distributor, etc. Routledge,
Date of publication, distribution, etc. 2009.
300 ## - PHYSICAL DESCRIPTION
Extent viii, 183 p. ;
Dimensions 23 cm.
505 0# - FORMATTED CONTENTS NOTE
Formatted contents note Is public management different from private sector management? -- Formal organisation models : the relevance of informal organisation -- Asymmetric information models : the principal-agent perspective -- Policy models : how rational is public management? -- Implementation models : bringing outcomes into public management and policy -- Independent agencies : maximising efficiency? -- Policy network models : the virtues and vices of public-private partnerships -- Marketization models : how much buying and selling in government? -- Incorporation as a strategy : transforming the public enterprises -- Principals and agents : public regulation -- Multi-level governance : bringing in the two regional dimensions -- Politics and jurisprudence : law and the state -- Ecology and policy : how to combine? -- The developmental state : from the third world to the first world -- The comparative challenge : are there different state models? -- Public management as the encompassing framework for state management.
650 #0 - SUBJECT ADDED ENTRY--TOPICAL TERM
Topical term or geographic name entry element Public administration.
906 ## - LOCAL DATA ELEMENT F, LDF (RLIN)
a 7
b cbc
c orignew
d 1
e ecip
f 20
g y-gencatlg
942 ## - ADDED ENTRY ELEMENTS (KOHA)
Source of classification or shelving scheme
Koha item type Book
Holdings
Withdrawn status Lost status Source of classification or shelving scheme Damaged status Not for loan Collection code Permanent Location Current Location Shelving location Date acquired Total Checkouts Full call number Barcode Date last seen Price effective from Koha item type
            Central Library (CL) Central Library (CL) General Stacks 01/26/2016   351 LAN S3H-P-180 01/26/2016 01/26/2016 Book
            Central Library (CL) Central Library (CL) General Stacks 02/24/2017   351 LAN S3H-P-179 02/24/2017 02/24/2017 Book
© 2023 Central Library, National University of Sciences and Technology. All Rights Reserved.